Εξαγωγές χιώτικων προϊόντων : διπλωματική εργασία

Αποθηκεύτηκε σε:
Λεπτομέρειες βιβλιογραφικής εγγραφής
Κύριος συγγραφέας: Καμπανέλα, Ιωάννα
Συγγραφή απο Οργανισμό/Αρχή: Πανεπιστήμιο Αιγαίου Σχολή Επιστημών της Διοίκησης Τμήμα Διοίκησης Επιχειρήσεων - Τ.Δ.Ε
Άλλοι συγγραφείς: Λυμπερόπουλος, Κωνσταντίνος Χ., 1946- (Εισηγητής διατριβής)
Μορφή: Thesis Βιβλίο
Γλώσσα:Greek
Δημοσίευση: 2003
Θέματα:
Ετικέτες: Προσθήκη ετικέτας
Δεν υπάρχουν, Καταχωρήστε ετικέτα πρώτοι!

MARC

LEADER 00000cam a2200000 i 4500
001 1/51116
008 040312s2003 gre d
035 |l 10072697 
040 |a GR-MY-UA  |b gre  |e aacr 
041 0 |a gre 
082 0 |a 382.60949582  |2 (22) 
100 1 |a Καμπανέλα, Ιωάννα. 
245 1 0 |a Εξαγωγές χιώτικων προϊόντων :  |b διπλωματική εργασία /  |c Καμπανέλα Ιωάννα ; επιβλέπων: Κ. Λυμπερόπουλος 
260 |c 2003 
300 |a 149 σ.;  |b πίν., εικ., χάρτ.;  |c 30 εκ. 
502 # # |a Πτυχιακή εργασία – Πανεπιστήμιο Αιγαίου, Χίος, 2003. 
504 |a Περιλαμβάνει βιβλιογραφία 
610 2 0 |a Πανεπιστήμιο Αιγαίου. 
650 0 0 |a Exports  |z Greece  |z Chios Island. 
650 0 0 |a Industries  |z Greece  |z Chios Island. 
650 0 0 |a Export marketing. 
650 0 0 |a Dissertations, Academic  |z Greece. 
700 1 |a Λυμπερόπουλος, Κωνσταντίνος Χ.,   |d 1946-  |4 ths 
710 1 |a Πανεπιστήμιο Αιγαίου  |b Σχολή Επιστημών της Διοίκησης  |b Τμήμα Διοίκησης Επιχειρήσεων - Τ.Δ.Ε. 
852 |a INST  |b CHIOS  |c DIATR  |e 20040316  |h 382.60949582 ΚΑΜ  |p 005200023439  |q 005200023439  |t DIE  |y 23 
852 |a INST  |b CHIOS  |c DIATR  |e 20040312  |h 382.60949582 ΚΑΜ  |p 005200023441  |q 005200023441  |t DIE  |y 23 
901 |a BIBL2-2004-1 
909 |a Χ  |b 108729 
909 |a Χ  |b 108745 
924 |a ΚΑΜΠΑΝΕΛΑ  |b ΙΩΑΝΝΑ  |y ΧΙΟΣ  |z 2004-03 
970 |a ΠΟΥΛΑΚΗ  |b ΠΑΝΩΡΑΙΑ  |z 2004/03/12